00917 2200313 4500001002100000005001500021035002000036007000300056008004100059020002200100082001200122084001400134100004000148245007200188250002500260300002500285500001100310650002400321504003300345264005100378336002100429337003000450338002300480040002200503850001200525090002200537999002200559990002200581INLIS00000000086354820211229085520 a0010-0821000247ta210804s2014 yoi g | ind d a978-602-9187-87-804223a901 a901 SUT f0 aSutarjo Adisusilod1950-ePengarang10aFilsafat sejarah spekulatif :bsuatu pengantar /cSutarjo Adisusilo aCetakan pertama 2014 a297 halaman ;c21 cm aindeks 4aSejarah--xFilsafat aBibliografi: halaman 278-28331aYogyakarta :bUniversitas Sanata Dharma,c2014 2rdacontentateks 2rdamediaatanpa perantara 2rdacarrieravolume aYOPDYOGbinderda aYOPDYOG aCB-D.11 2014-2833 aCB-D.11/2014-2833 aCB-D.11/2014-2833